Normal view MARC view

Entry Personal Name

Number of records used in: 1

001 - CONTROL NUMBER

  • control field: 8851

003 - CONTROL NUMBER IDENTIFIER

  • control field: OSt

005 - DATE AND TIME OF LATEST TRANSACTION

  • control field: 20160517152847.0

008 - FIXED-LENGTH DATA ELEMENTS

  • fixed length control field: 160517|| aca||aabn | a|a d

040 ## - CATALOGING SOURCE

  • Original cataloging agency: OSt
  • Transcribing agency: OSt

100 ## - HEADING--PERSONAL NAME

  • Personal name: Carlson,M.Bruce;

670 ## - SOURCE DATA FOUND

  • Source citation: Work cat.: (OSt): Carlson,M.Bruce;, Pattern's Foundations of Embryology., 1981.